000 00568nam a2200193Ia 4500
999 _c10088
_d10088
003 OSt
005 20191227095102.0
008 190216s9999||||xx |||||||||||||| ||und||
020 _a9780030753862
040 _coclc
082 _a338.5
_bLAN/P
100 1 _aLandsburg, Steven E.,
_9754
_d1954-
245 0 _aPrice Theory And Applications /
_cSteven E Landsburg
250 _a2nd ed.
260 _bThe Dryden Press,
_c1991.
_aNew York:
300 _a761p
650 _aEconomics-Price Theories
942 _cBK
_2ddc
_h338.5
_iLAN/P
_k338.5
_mLAN/P